| 000 | 00773nam a22002177a 4500 | ||
|---|---|---|---|
| 003 | 0 | ||
| 005 | 20251015154336.0 | ||
| 008 | 251015b xxu||||| |||| 00| 0 eng d | ||
| 020 | _a978-1-032-59498-9 | ||
| 050 |
_aQA 21 _b.W38 2025 |
||
| 100 |
_aWaters, Thomas, _eauthor. |
||
| 245 |
_aThe Four corners of mathematics : _ba brief history, from Pythagoras to Perelman / _cThomas Waters. |
||
| 260 |
_aBoca Raton, FL : _bCRC Press, _c2025. |
||
| 300 |
_axi, 277 pages : _billustrations ; _c24 cm. |
||
| 504 | _aIncludes bibliographical references and index. | ||
| 650 |
_aMathematics _vHistory _xPopular works. |
||
| 650 |
_aGeometry _vHistory _xPopular works. |
||
| 650 |
_aAlgebra _vHistory _xPopular works. |
||
| 650 |
_aCalculus _vHistory _xPopular works. |
||
| 942 |
_2lcc _cBK |
||
| 999 |
_c368255 _d368255 |
||